<?xml version="1.0" encoding="UTF-8"?>
<resp>
  <nextPage>https://data.bn.org.pl/api/networks/bibs.marcxml?marc=001+b00001150003618&amp;sinceId=1150003619</nextPage>
  <collection>
    <record xmlns='http://www.loc.gov/MARC21/slim'><leader>01085namZa2200349ZiZ4500</leader><controlfield tag='001'>b00001150003618</controlfield><controlfield tag='005'>20241203215324.1</controlfield><controlfield tag='008'>230609s        pl           |000 0 pol c</controlfield><controlfield tag='009'>9913262159805606</controlfield><datafield ind1=' ' ind2=' ' tag='020'><subfield code='a'>839002604X</subfield></datafield><datafield ind1=' ' ind2=' ' tag='035'><subfield code='a'>KR_1KR_1_20120317235204044731-48omnis_kr</subfield></datafield><datafield ind1=' ' ind2=' ' tag='035'><subfield code='a'>KR_1_20120317235204044731</subfield><subfield code='9'>ExL</subfield></datafield><datafield ind1=' ' ind2=' ' tag='035'><subfield code='a'>(PL)b00001150003618</subfield></datafield><datafield ind1=' ' ind2=' ' tag='040'><subfield code='a'>KR_1</subfield><subfield code='c'>KR_1</subfield></datafield><datafield ind1='1' ind2=' ' tag='041'><subfield code='a'>pol</subfield><subfield code='h'>ger</subfield></datafield><datafield ind1='1' ind2=' ' tag='100'><subfield code='a'>Deimer-Schütte, Petra</subfield></datafield><datafield ind1='1' ind2='0' tag='245'><subfield code='a'>Wieloryby i delfiny /</subfield><subfield code='c'>Petra Deimer ; przekł. Leszek Karnas ; il. Manfred Kostka i Frank Kliemt.</subfield></datafield><datafield ind1=' ' ind2=' ' tag='260'><subfield code='a'>Wrocław :</subfield><subfield code='b'>&quot;Atlas&quot;,</subfield><subfield code='c'>1995.</subfield></datafield><datafield ind1=' ' ind2=' ' tag='300'><subfield code='a'>48 s. :</subfield><subfield code='b'>fot. kolor., il. kolor. ;</subfield><subfield code='c'>28 cm</subfield></datafield><datafield ind1='1' ind2=' ' tag='490'><subfield code='a'>Co i Jak ;</subfield><subfield code='v'>t. 7</subfield></datafield><datafield ind1=' ' ind2=' ' tag='500'><subfield code='a'>dd</subfield></datafield><datafield ind1='1' ind2=' ' tag='700'><subfield code='a'>Karnas, Leszek</subfield><subfield code='e'>Tł.</subfield></datafield><datafield ind1='1' ind2=' ' tag='700'><subfield code='a'>Kostka, Manfred</subfield><subfield code='e'>Il.</subfield></datafield><datafield ind1='1' ind2=' ' tag='700'><subfield code='a'>Kliemt, Frank</subfield><subfield code='e'>Il.</subfield></datafield><datafield ind1=' ' ind2=' ' tag='852'><subfield code='b'>48OMNIS_NETWORK</subfield><subfield code='8'>9913262159805606</subfield></datafield><datafield ind1=' ' ind2=' ' tag='852'><subfield code='b'>48OMNIS_KR</subfield><subfield code='8'>991000036169708216</subfield></datafield><datafield ind1=' ' ind2=' ' tag='920'><subfield code='a'>83-900260-4-X</subfield></datafield></record>
  </collection>
</resp>
